| 000 | 00544nam a22001577a 4500 | ||
|---|---|---|---|
| 005 | 20120606143228.0 | ||
| 020 |
_a8180380173 _c350.00 |
||
| 035 | _aB-90315 | ||
| 037 |
_aDPL _bENG |
||
| 100 |
_aRao, SV Joga _948539 |
||
| 245 |
_aEvidence : Cases and materials / _cby SV Joga Rao |
||
| 260 |
_aNew Delhi _bLexis Nexis _c2003 |
||
| 300 |
_axxviii, 632p. _c22 cms. |
||
| 942 |
_2ddc _cEN _h347.5406 _mJOG |
||
| 999 |
_c67583 _d67583 |
||